00391nam a2200133Ia 4500008004100000020001600041245006400057260002800121516002000149650001000169650001600179830001900195856004300214140925s9999 xx 000 0 und d a2050-9863  a Journal of Open Psychology Data /h[electronic resource] bUbiquity Press,cc2009. aElectronic text aData. aPsychology. aUbiquity Press uhttp://openpsychologydata.metajnl.com/